| 000 | 01405nam a2200373 a 4500 | ||
|---|---|---|---|
| 001 | 000111999 | ||
| 003 | CHAP | ||
| 005 | 20220329144241.0 | ||
| 008 | 151113s2015 mx a fsm |||||||spa d | ||
| 010 | _a108460 | ||
| 011 | _a109432 | ||
| 040 | _cCHAP | ||
| 090 | _aTesis | ||
| 100 | 1 |
_aLandeta Escamilla, Anais _9130045 |
|
| 245 | 1 | 0 |
_aTecnologías limpias como estrategia de desarrollo sustentable : _h[En línea] _bcaso Catuaí Amarillo, Chocaman, Veracruz / _cpor Anais Landeta Escamilla. |
| 260 |
_aChapingo, Méx. : _bEl autor, _c2015. |
||
| 500 | _aPara ver el contenido del material haga clic en la liga | ||
| 502 | _aTesis (Maestro en Gestión del Desarrollo Rural) -- UACH. Dirección de Centros Regionales Universitarios | ||
| 590 |
_aE11695DGD _b10 _c20151114 _lUCH01 _h1232 |
||
| 590 |
_aE6096MTM _b05 _c20151113 _lUCH01 _h1123 |
||
| 590 |
_aE6096MTM _b05 _c20151113 _lUCH01 _h1124 |
||
| 650 | 1 | 4 |
_aAgricultura orgánica. _92005 |
| 650 | 1 | 4 |
_aCafé orgánico. _917217 |
| 650 | 1 | 4 |
_aCaña de azúcar _zVeracruz. _918672 |
| 650 | 1 | 4 |
_aDesarrollo sustentable _xVeracruz. _932093 |
| 650 | 1 | 4 |
_aEcología agrícola. _935165 |
| 650 | 1 | 4 |
_aIndustrias agrícolas. _957925 |
| 650 | 1 | 4 |
_aLombricultura. _9124769 |
| 650 | 1 | 4 |
_aMedio ambiente _xContaminación. _974069 |
| 856 |
_aFinding aid _uhttp://10.13.5.2/tesis/sist111999.pdf _zTeclea aquí |
||
| 901 | _aBK | ||
| 942 | _cTESIS | ||
| 942 | _n0 | ||
| 999 |
_c108460 _d108460 |
||